00533nam a22001937a 450000500170000001000230001702000260004003500230006603700130008903700190010203700110012108200060013210000220013824500450016026000370020527000620024230000250030465000100032920110722143730.0 aB-427962 B-453540 a9780140233360c225.00 aB-427962 B-453540 bBPPD/PUB bAllied Pub/Ven bR.B.C. aN aDeshpande, Shashi aThe Binding vine /c by Shashi Deshpande aNew Delhi bPenguin Books c1993 a11 Community Centre, Panchsheel Park, bNew Delh e1100172 a206p. . c19cm(pbk)  aNovel